Sint Maarten Quiz - Statistics

General Stats
  • This quiz has been taken 17 times
  • The average score is 6 of 14
Answer Stats
Hint Answer % Correct
Most Spoken Languages English
100%
Largest Industries Tourism
73%
Largest Religion Christianity
64%
Time Zone UTC -{4}
64%
Most Spoken Languages Creole
55%
Capital City Philipsburg
55%
Most Spoken Languages Spanish
55%
Official Name {Country} of Sint Maarten
36%
Highest Point Mount Flagstaff
18%
Currency Netherlands Antillean {Guilders}
18%
Largest Ethnic Groups Dominican Republic
9%
Largest Ethnic Groups Haiti
9%
Largest Industries Light Industry
9%
Largest Ethnic Groups Saint Maarten
9%
No matching quizzes found
Score Distribution
Percent of People with Each Score
Percentile by Number Answered
Your Score History
You have not taken this quiz